000 00456nam a2200181Ia 4500
001 10911
005 20260306161907.0
008 260306t2014||||xx |||||||||||||| ||spa||
041 _aESP
082 _a980.02
_bO664
100 _aO'Phelan Godoy, Scarlett
_eAUT
245 0 _aVoces americanas en las Cortes de Cádiz:
_b1810-1814
260 _c2014
300 _a427 páginas :
_c24 cm.
650 _aGEN
654 _aCHU
942 _cLIB
_dJUS
_fJUS
_2ddc
_n
999 _c10911
_d10911